| 000 | 00405nam a2200169Ia 4500 | ||
|---|---|---|---|
| 008 | 180424s9999 xx 000 0 und d | ||
| 084 | _a158.7 S1 | ||
| 100 | _a"Schein, Edgar H" | ||
| 245 | 0 | _aOrganizational Psychology | |
| 250 | _a\\197602ENGGPCX | ||
| 260 | _aPrentice Hall | ||
| 260 | _b1976 | ||
| 260 | _cNew Delhi | ||
| 300 | _a137p | ||
| 500 | _aincludes index and biblioraphy | ||
| 942 | _cBK | ||
| 999 |
_c34701 _d34701 |
||